Вихретоковый измеритель толщины стенки легкосплавных бурильных труб; Дефектоскопия; № 8

Detalles Bibliográficos
Parent link:Дефектоскопия
№ 8.— 2017.— [С. 57-64]
Autor principal: Гольдштейн А. Е. Александр Ефремович
Autor Corporativo: Национальный исследовательский Томский политехнический университет (ТПУ) Институт неразрушающего контроля (ИНК) Кафедра физических методов и приборов контроля качества (ФМПК)
Otros Autores: Белянков В. Ю. Василий Юрьевич
Sumario:Заглавие с экрана
Описаны принцип действия, конструкция вихретокового преобразователя, структурная схема, алгоритм преобразования сигналов измерительной информации вихретокового толщиномера, предназначенного для измерения толщины стенки легкосплавных бурильных труб в процессе их эксплуатации. Приведены основные технические характеристики опытного образца толщиномера.
Режим доступа: по договору с организацией-держателем ресурса
Lenguaje:ruso
Publicado: 2017
Colección:Электромагнитные методы
Materias:
Acceso en línea:https://elibrary.ru/item.asp?id=29757362
Formato: MixedMaterials Electrónico Capítulo de libro
KOHA link:https://koha.lib.tpu.ru/cgi-bin/koha/opac-detail.pl?biblionumber=655798

MARC

LEADER 00000naa0a2200000 4500
001 655798
005 20250331113136.0
035 |a (RuTPU)RU\TPU\network\22098 
090 |a 655798 
100 |a 20171004d2017 k||y0rusy50 ca 
101 0 |a rus 
102 |a RU 
135 |a drcn ---uucaa 
181 0 |a i  
182 0 |a b 
200 1 |a Вихретоковый измеритель толщины стенки легкосплавных бурильных труб  |f А. Е. Гольдштейн, В. Ю. Белянков 
203 |a Текст  |c электронный 
225 1 |a Электромагнитные методы 
300 |a Заглавие с экрана 
320 |a [Библиогр.: 15 назв.] 
330 |a Описаны принцип действия, конструкция вихретокового преобразователя, структурная схема, алгоритм преобразования сигналов измерительной информации вихретокового толщиномера, предназначенного для измерения толщины стенки легкосплавных бурильных труб в процессе их эксплуатации. Приведены основные технические характеристики опытного образца толщиномера. 
333 |a Режим доступа: по договору с организацией-держателем ресурса 
461 |t Дефектоскопия 
463 |t № 8  |v [С. 57-64]  |d 2017 
610 1 |a электронный ресурс 
610 1 |a труды учёных ТПУ 
610 1 |a вихретоковые толщиномеры 
610 1 |a зазоры 
610 1 |a электропроводность 
610 1 |a двухчастотные методы 
610 1 |a разделение 
610 1 |a частотные составляющие 
700 1 |a Гольдштейн  |b А. Е.  |c специалист в области неразрушающего контроля  |c профессор Томского политехнического университета, доктор технических наук  |f 1954-  |g Александр Ефремович  |3 (RuTPU)RU\TPU\pers\26406  |9 12110 
701 1 |a Белянков  |b В. Ю.  |g Василий Юрьевич 
712 0 2 |a Национальный исследовательский Томский политехнический университет (ТПУ)  |b Институт неразрушающего контроля (ИНК)  |b Кафедра физических методов и приборов контроля качества (ФМПК)  |3 (RuTPU)RU\TPU\col\18709 
801 2 |a RU  |b 63413507  |c 20171004  |g RCR 
856 4 |u https://elibrary.ru/item.asp?id=29757362 
942 |c CF